| 000 | 00485nam a2200169 4500 | ||
|---|---|---|---|
| 001 | 143984 | ||
| 003 | ES-MaACL | ||
| 005 | 20230906200923.0 | ||
| 007 | t| | ||
| 008 | 070214s1919 gw r ||||1| ger d | ||
| 100 | 1 |
_aShaw, Bernard. _9106025 |
|
| 245 | 1 | 0 |
_aMajor Barbara _b: komödie / _cvon Bernard Shaw. |
| 250 | _a2 Aufl. | ||
| 260 |
_aBerlin : _bS. Fischer, _c1919 ( _eLeipzig : _fDruck der Spamerschen) |
||
| 300 |
_a9-189 p. ; _c20 cm. |
||
| 852 |
_aES-MaACL _jA-4991 _bR.16929 |
||
| 999 |
_c143984 _d143984 |
||